[Event "Wch Seniors 65 29th"]
[Site "Bucharest"]
[Date "2019.11.14"]
[Round "3"]
[White "Spulber, Cicirone"]
[Black "Batali, Gheorghe"]
[Result "1/2-1/2"]
[WhiteElo "1973"]
[BlackElo "1775"]
[PlyCount "30"]
[EventDate "2019.11.12"]
[EventType "swiss"]
[EventRounds "11"]
[EventCountry "ROU"]
[SourceTitle "CBM 193 Extra"]
[Source "ChessBase"]
[SourceDate "2020.01.31"]
[SourceVersion "1"]
[SourceVersionDate "2020.01.31"]
[SourceQuality "1"]

1. c4 Nf6 2. Nf3 g6 3. g3 Bg7 4. Bg2 0-0 5. 0-0 c5 6. d4 cxd4 7. Nxd4 Nc6 8. Nc3 Nxd4 9. Qxd4 d6 10. Qd2 Rb8 11. b3 a6 12. Bb2 Bd7 13. Nd5 Nxd5 14. cxd5 Bxb2 15. Qxb2 Qb6 1/2-1/2

[Event "Martisor Cup op"]
[Site "Bucharest"]
[Date "2002.03.07"]
[Round "9"]
[White "Petre, Gabriela"]
[Black "Batali, Gheorghe"]
[Result "1/2-1/2"]
[WhiteElo "2161"]
[BlackElo "2076"]
[PlyCount "116"]
[EventDate "2002.03.01"]
[EventType "swiss"]
[EventRounds "9"]
[EventCountry "ROU"]
[SourceTitle "CBM 087 Extra"]
[Source "ChessBase"]
[SourceDate "2002.05.03"]
[SourceVersion "2"]
[SourceVersionDate "2002.08.09"]
[SourceQuality "1"]

1. d4 Nf6 2. c4 g6 3. Nf3 Bg7 4. Nc3 d5 5. cxd5 Nxd5 6. e4 Nxc3 7. bxc3 c5 8. Bb5+ Bd7 9. Bxd7+ Qxd7 10. 0-0 cxd4 11. cxd4 Nc6 12. Be3 0-0 13. Qd2 Rfd8 14. Rfd1 Qg4 15. Qd3 Rac8 16. Rab1 b6 17. h3 Qd7 18. a3 e6 19. Bg5 f6 20. Be3 Na5 21. Rbc1 b5 22. Rxc8 Rxc8 23. d5 e5 24. Bd2 Nc4 25. Rb1 Bf8 26. Bb4 Bd6 27. Nd2 a6 28. a4 Nxd2 29. Bxd2 Rc4 30. axb5 axb5 31. Bh6 Kf7 32. Qf3 b4 33. Ra1 Rc3 34. Qe2 Ra3 35. Rb1 Qa4 36. Qg4 Qe8 37. Rd1 b3 38. Rb1 Bc5 39. Qd1 Qb8 40. Be3 Bxe3 41. fxe3 b2 42. d6 Ra1 43. Rxa1 bxa1Q 44. Qxa1 Qxd6 45. Qa2+ Qe6 46. Qa8 Kg7 47. Kf2 h5 48. Qd8 Qc6 49. Qe7+ Kg8 50. Qd8+ Kf7 51. Kf3 Qa6 52. Qd5+ Kg7 53. Kf2 Qb6 54. Qd7+ Kg8 55. Qe7 Qb2+ 56. Kf3 Qb1 57. Qe8+ Kg7 58. Qe7+ Kg8 1/2-1/2

[Event "Martisor Cup op"]
[Site "Bucharest"]
[Date "2002.03.05"]
[Round "7"]
[White "Vlad, Decebal"]
[Black "Batali, Gheorghe"]
[Result "0-1"]
[WhiteElo "2322"]
[BlackElo "2076"]
[PlyCount "56"]
[EventDate "2002.03.01"]
[EventType "swiss"]
[EventRounds "9"]
[EventCountry "ROU"]
[SourceTitle "CBM 087 Extra"]
[Source "ChessBase"]
[SourceDate "2002.05.03"]
[SourceVersion "2"]
[SourceVersionDate "2002.08.09"]
[SourceQuality "1"]

1. e4 c5 2. Nc3 d6 3. Bc4 e6 4. d3 Nf6 5. f4 Nc6 6. Nf3 Qc7 7. 0-0 a6 8. a4 Be7 9. Qe1 Nb4 10. Bb3 d5 11. Ne5 b6 12. Qg3 g6 13. Kh1 Bb7 14. exd5 exd5 15. Ne2 h5 16. Ng1 h4 17. Qf2 Nc6 18. Ngf3 h3 19. Bd2 hxg2+ 20. Kxg2 Nxe5 21. fxe5 d4 22. Bf4 Nd5 23. Qg3 Qd7 24. Rh1 Rh3 25. Kf2 Rxg3 26. hxg3 0-0-0 27. Rh7 Nxf4 28. gxf4 Qg4 0-1

[Event "Ciocaltea Memorial op"]
[Site "Bucharest"]
[Date "2000.??.??"]
[Round "2"]
[White "Batali, Gheorghe"]
[Black "Sima, Marian"]
[Result "0-1"]
[WhiteElo "2080"]
[BlackElo "2212"]
[PlyCount "53"]
[EventDate "2000.02.??"]
[EventType "swiss"]
[EventRounds "7"]
[EventCountry "ROU"]
[SourceTitle "EXT 2001"]
[Source "ChessBase"]
[SourceDate "2000.11.22"]
[SourceVersion "1"]
[SourceVersionDate "2000.11.22"]
[SourceQuality "1"]

1. e4 c5 2. Nf3 d6 3. d4 Nf6 4. Nc3 cxd4 5. Nxd4 Nc6 6. Be2 e5 7. Nb3 Be7 8. Be3 Be6 9. f3 0-0 10. Nd5 Bxd5 11. exd5 Nb4 12. c4 Nh5 13. a3 Na6 14. 0-0 Bg5 15. Bf2 Nf4 16. Nd2 f5 17. b4 Qe7 18. Re1 Nxe2+ 19. Qxe2 Nc7 20. Qd3 Qf7 21. Re2 Be7 22. a4 g5 23. Rd1 b6 24. Nb3 Na6 25. Be1 Rae8 26. c5 Nxb4 27. Bxb4 0-1